| 000 -LEADER |
| fixed length control field |
00708nam a22002177a 4500 |
| 001 - CONTROL NUMBER |
| control field |
21814 |
| 003 - CONTROL NUMBER IDENTIFIER |
| control field |
BD-DhUAP |
| 005 - DATE AND TIME OF LATEST TRANSACTION |
| control field |
20230604115822.0 |
| 008 - FIXED-LENGTH DATA ELEMENTS--GENERAL INFORMATION |
| fixed length control field |
230506b2022 bg |||| |||| 001 0beng d |
| 020 ## - INTERNATIONAL STANDARD BOOK NUMBER |
| International Standard Book Number |
9789845063913 |
| 040 ## - CATALOGING SOURCE |
| Original cataloging agency |
BD-DhAAL |
| Language of cataloging |
eng |
| Transcribing agency |
BD-DhUAP |
| Modifying agency |
BD-DhUAP |
| 082 ## - DEWEY DECIMAL CLASSIFICATION NUMBER |
| Edition number |
22 |
| Classification number |
891.55099287 HUQ |
| 100 ## - MAIN ENTRY--PERSONAL NAME |
| Personal name |
Huq, Sabiha |
| 245 ## - TITLE STATEMENT |
| Title |
The Mughal Aviary : |
| Remainder of title |
women's writings in pre-modern India / |
| Statement of responsibility, etc. |
Sabiha Huq. |
| 260 ## - PUBLICATION, DISTRIBUTION, ETC. |
| Place of publication, distribution, etc. |
Dhaka : |
| Name of publisher, distributor, etc. |
The University Press Limited |
| Date of publication, distribution, etc. |
2022. |
| 300 ## - PHYSICAL DESCRIPTION |
| Extent |
xxix, 217 pages ; |
| Other physical details |
22 cm. |
| 504 ## - BIBLIOGRAPHY, ETC. NOTE |
| Bibliography, etc. note |
Includes bibliographical references and index. |
| 650 ## - SUBJECT ADDED ENTRY--TOPICAL TERM |
| Topical term or geographic name entry element |
Persian literature |
| General subdivision |
Women authors |
| Chronological subdivision |
History and criticism. |
| 700 ## - ADDED ENTRY--PERSONAL NAME |
| Personal name |
Amin, Sonia Nishat |
| 942 ## - ADDED ENTRY ELEMENTS (KOHA) |
| Source of classification or shelving scheme |
|
| Koha item type |
Book |